000 00481nam a2200181Ia 4500
005 20250326123938.0
008 250326s9999 xx 000 0 und d
037 _aTextbook
040 _aFMSL
_beng
_cFMSL
041 _aeng
_2eng
084 _aT(X:8) L1
_qFMSL
100 _aRevans R W
245 0 _aDeveloping effective managers
_cRevans R W
260 _aLondon
_bLondon, Longman
_c1971
300 _a201p
942 _cTB
_hT(X:8) L1
999 _c1271598
_d1271598